| 000 | 00670cam a22002172 4500 | ||
|---|---|---|---|
| 001 | 0000020129 | ||
| 005 | 20151217155907.0 | ||
| 008 | 110714s xx 000 0 eng d | ||
| 020 | _a9966915303 : | ||
| 040 |
_aKABU _cKABU |
||
| 245 | 1 | 0 |
_aEssays on land law : _bthe return debate in Kenya / _cSmokin C. Wanjala. |
| 250 | _a1st ed. | ||
| 260 |
_aNairobi, Kenya : _bUoN, _c2000. |
||
| 300 | _aix, 278 p. | ||
| 500 | _aPhotocopy. | ||
| 650 | 0 |
_aLand tenure _xLaw and legislation _zKenya. _@0000160775 |
|
| 650 | 0 |
_aLand reform _xLaw and legislation _zKenya. _@0000180229 |
|
| 908 | _a110714 | ||
| 950 | _@1 | ||
| 999 |
_c13791 _d13791 |
||